<The> accounting reform of public finance in the Czech Republic

Ministerstvo financií a reforma systému verejných financií. Snaha o konvergenciu účtovných princípov v ČR s ostanými členmi EÚ.

Salvato in:
Dettagli Bibliografici
Autore principale: Nekolová, Jana
Natura: Capitolo di libro
Lingua:inglese
Soggetti:
Tags: Aggiungi Tag
Nessun Tag, puoi essere il primo ad aggiungerne!!

MARC

LEADER 00000naa a2200000 4500
001 0192739
005 20231128131931.6
041 0 |a eng 
044 |a CZ 
245 1 0 |a <The> accounting reform of public finance in the Czech Republic  |c Jana Nekolová 
520 |a Ministerstvo financií a reforma systému verejných financií. Snaha o konvergenciu účtovných princípov v ČR s ostanými členmi EÚ. 
610 2 0 |a reformy daňové 
610 2 0 |a financie verejné 
610 2 0 |a ministerstvá 
610 2 0 |a Česko 
610 2 0 |a účtovanie 
610 2 0 |a účtovníctvo daňové 
610 2 0 |a metódy účtovné 
610 2 0 |a štandardy účtovné medzinárodné 
100 1 |a Nekolová, Jana